| 000 | 00744nam a22002297a 4500 | ||
|---|---|---|---|
| 999 |
_c17844 _d17844 |
||
| 003 | AR-CdUCM | ||
| 008 | 190509b ||||| |||| 00| 0 spa d | ||
| 040 |
_aMUNICIPALIDAD PROVINCIAL DEL CUSCO _cBIBLIOTECA MUNICIPAL DEL CUSCO |
||
| 082 |
_a800.81 / _bJ35 |
||
| 100 |
_aJimenez, Juan Ramón _92270 |
||
| 245 | _aPrimeros libros de poesía / | ||
| 260 |
_aMadrid : _bAguilar, _c1959. |
||
| 300 |
_a1574 páginas ; _c18 cm. |
||
| 440 |
_aSerie extra _n7 _938032 |
||
| 505 | _aContenido : Rimas -- Arias tristes -- Jardines lejanos ... | ||
| 650 |
_aPoesía _9139 |
||
| 650 |
_aRimas _925891 |
||
| 650 |
_aElegías _928316 |
||
| 700 |
_aGarfias, Francisco (Recopilación y prologo) _938033 |
||
| 942 |
_2ddc _cLIBROS |
||
| 945 |
_arah _d09/05/2019 |
||